A programmer's guide to Java SE 8 : (Record no. 144323)

MARC details
000 -LEADER
fixed length control field 00963nam a22002417a 4500
005 - DATE AND TIME OF LATEST TRANSACTION
control field 20180209115338.0
010 ## - LCCN (DPL NO)
LC control number 1718EN-30 ENG-121789
020 ## - INTERNATIONAL STANDARD BOOK NUMBER
International Standard Book Number 9789332579378
Terms of availability 569.00
035 ## - SYSTEM CONTROL NUMBER
System control number EN-105321
035 ## - SYSTEM CONTROL NUMBER
System control number B-683892-903
037 ## - SOURCE OF ACQUISITION
Source of stock number/acquisition BSB
Stock number dpl
037 ## - SOURCE OF ACQUISITION
Source of stock number/acquisition DBAD/PUB
082 ## - DEWEY DECIMAL CLASSIFICATION NUMBER
Classification number 004.0683
100 ## - MAIN ENTRY--PERSONAL NAME
Personal name Mughal, Khalid A.
245 ## - TITLE STATEMENT
Title A programmer's guide to Java SE 8 :
Statement of responsibility, etc by Khalid A. Mughal [and] Rolf W. Rasmussen
Remainder of title oracle certified associate (OCA) : a comprehensive primer /
260 ## - PUBLICATION, DISTRIBUTION, ETC. (IMPRINT)
Date of publication, distribution, etc 2017
Place of publication, distribution, etc Noida
Name of publisher, distributor, etc Pearson India
270 ## - ADDRESS
Address 15th Floor,, Tower-B, World Trade, Plot No.1, Block-C, Sector-16,
City Noida
Postal code 201301
300 ## - PHYSICAL DESCRIPTION
Dimensions 23cm(pbk)
Extent xxxvii,640p.
500 ## - GENERAL NOTE
General note Includes index
700 ## - ADDED ENTRY--PERSONAL NAME
Personal name Rasmussen, Rolf W.
942 ## - ADDED ENTRY ELEMENTS (KOHA)
Item type English Books
Source of classification or shelving scheme Dewey Decimal Classification
Call number suffix MUG
Classification part 004.683
Holdings
Withdrawn status Lost status Not for loan Collection code Home library Current library Date acquired Source of acquisition Cost, normal purchase price Full call number Barcode Copy number Cost, replacement price Koha item type
      Non-fiction Ashok Vihar Ashok Vihar 09/02/2018 BSB/299/1.12.2017/BPPB/EN/2017-18/641/20.11.17/14.12.2017 569.00 004.683 MUG B-683893 1 569.00 English Books
      Non-fiction Bawana Bawana 09/02/2018 BSB/299/1.12.2017/BPPB/EN/2017-18/641/20.11.17/14.12.2017 569.00 004.683 MUG B-683901 1 569.00 English Books
      Non-fiction Central Library Central Library 09/02/2018 BSB/299/1.12.2017/BPPB/EN/2017-18/641/20.11.17/14.12.2017 569.00 004.683 MUG B-683892 1 569.00 English Books
    Not For Loan Non-fiction D.B.Act.Division D.B.Act.Division 08/12/2017 DBAD/PUB 549.00 004.683 MUG EN-105321 1 549.00 English Books
      Non-fiction Janak Puri Janak Puri 09/02/2018 BSB/299/1.12.2017/BPPB/EN/2017-18/641/20.11.17/14.12.2017 569.00 004.683 MUG B-683897 1 569.00 English Books
      Non-fiction Kasturba Gandhi Marg Kasturba Gandhi Marg 09/02/2018 BSB/299/1.12.2017/BPPB/EN/2017-18/641/20.11.17/14.12.2017 569.00 004.683 MUG B-683895 1 569.00 English Books
      Non-fiction Narela Narela 09/02/2018 BSB/299/1.12.2017/BPPB/EN/2017-18/641/20.11.17/14.12.2017 569.00 004.683 MUG B-683900 1 569.00 English Books
      Non-fiction Patel Nagar Patel Nagar 09/02/2018 BSB/299/1.12.2017/BPPB/EN/2017-18/641/20.11.17/14.12.2017 569.00 004.683 MUG B-683894 1 569.00 English Books
      Non-fiction Peshwa Road Peshwa Road 09/02/2018 BSB/299/1.12.2017/BPPB/EN/2017-18/641/20.11.17/14.12.2017 569.00 004.683 MUG B-683896 1 569.00 English Books
      Non-fiction R.K.Puram-8 R.K.Puram-8 09/02/2018 BSB/299/1.12.2017/BPPB/EN/2017-18/641/20.11.17/14.12.2017 569.00 004.683 MUG B-683899 1 569.00 English Books
      Non-fiction Sarojini Nagar Sarojini Nagar 09/02/2018 BSB/299/1.12.2017/BPPB/EN/2017-18/641/20.11.17/14.12.2017 569.00 004.683 MUG B-683898 1 569.00 English Books
      Non-fiction Shahdara Branch Shahdara Branch 09/02/2018 BSB/299/1.12.2017/BPPB/EN/2017-18/641/20.11.17/14.12.2017 569.00 004.683 MUG B-683902 1 569.00 English Books
      Non-fiction Vigyan Vihar Vigyan Vihar 09/02/2018 BSB/299/1.12.2017/BPPB/EN/2017-18/641/20.11.17/14.12.2017 569.00 004.683 MUG B-683903 1 569.00 English Books

© Delhi Public Library
Hit Counter
free hit counter